|
|
|
|
| LEADER |
00000cas a2200000 c 4500 |
| 001 |
130416495 |
| 003 |
DE-627 |
| 005 |
20230408224058.0 |
| 007 |
tu |
| 008 |
931116c19689999xxcf| p| 0 |0und c |
| 016 |
7 |
|
|a 01362525X
|2 DE-101
|
| 016 |
7 |
|
|a 627218-6
|2 DE-600
|
| 022 |
|
|
|a 0018-2257
|
| 024 |
7 |
|
|a 00295477
|2 swets
|
| 035 |
|
|
|a (DE-627)130416495
|
| 035 |
|
|
|a (DE-576)049885723
|
| 035 |
|
|
|a (DE-599)ZDB627218-6
|
| 035 |
|
|
|a (OCoLC)1367827492
|
| 040 |
|
|
|a DE-627
|b ger
|c DE-627
|e rakwb
|
| 044 |
|
|
|c XD-CA
|
| 082 |
0 |
4 |
|a 300
|a 330
|q DE-600
|
| 084 |
|
|
|a 3,4
|a 7,26
|2 ssgn
|
| 084 |
|
|
|a 15.08
|2 bkl
|
| 084 |
|
|
|a 70.00
|2 bkl
|
| 245 |
0 |
0 |
|a Histoire sociale
|b = Social history
|
| 246 |
3 |
1 |
|a Social history
|
| 264 |
3 |
1 |
|a Ottawa, Ont.
|b Éd. de l'Univ. d'Ottawa
|c 1968-
|
| 336 |
|
|
|a Text
|b txt
|2 rdacontent
|
| 337 |
|
|
|a ohne Hilfsmittel zu benutzen
|b n
|2 rdamedia
|
| 338 |
|
|
|a Band
|b nc
|2 rdacarrier
|
| 362 |
0 |
|
|a 1.1968=Nr. 1 -
|
| 363 |
0 |
1 |
|a 1
|i 1968
|
| 555 |
|
|
|a Index 11/20.1978/87 in: 20.1987,40
|
| 655 |
|
7 |
|a Zeitschrift
|0 (DE-588)4067488-5
|0 (DE-627)10454466X
|0 (DE-576)20917000X
|2 gnd-content
|
| 689 |
0 |
0 |
|d g
|0 (DE-588)4029456-0
|0 (DE-627)106274163
|0 (DE-576)208982698
|a Kanada
|2 gnd
|
| 689 |
0 |
1 |
|d s
|0 (DE-588)4055772-8
|0 (DE-627)106156845
|0 (DE-576)20911536X
|a Sozialgeschichte
|2 gnd
|
| 689 |
0 |
2 |
|d s
|0 (DE-588)4067488-5
|0 (DE-627)10454466X
|0 (DE-576)20917000X
|a Zeitschrift
|2 gnd
|
| 689 |
0 |
|
|5 DE-101
|
| 776 |
1 |
|
|x 1918-6576
|
| 936 |
b |
k |
|a 15.08
|j Sozialgeschichte
|0 (DE-627)181571005
|
| 936 |
b |
k |
|a 70.00
|j Sozialwissenschaften allgemein: Allgemeines
|0 (DE-627)106411462
|
| 951 |
|
|
|a JT
|
| ELC |
|
|
|b 1
|
| LOK |
|
|
|0 000 xxxxxcx a22 zn 4500
|
| LOK |
|
|
|0 001 2784204146
|
| LOK |
|
|
|0 003 DE-627
|
| LOK |
|
|
|0 004 130416495
|
| LOK |
|
|
|0 005 20140221124131
|
| LOK |
|
|
|0 008 140221||||||||||||||||ger|||||||
|
| LOK |
|
|
|0 040
|a DE-21-110
|c DE-627
|d DE-21-110
|
| LOK |
|
|
|0 852
|z Kein Bestand am IfK; Nachweis für KrimDok
|
| LOK |
|
|
|0 852
|a DE-21-110
|
| LOK |
|
|
|0 852 1
|m v
|9 00
|
| LOK |
|
|
|0 935
|a k110
|
| LOK |
|
|
|0 938
|k v
|
| LOK |
|
|
|0 939
|a 21-02-14
|b l01
|
| ORI |
|
|
|a SA-MARC-krimdoka001.raw
|
| SPR |
|
|
|a 1
|t KRI
|
| TIM |
|
|
|a 100018670701_100020261231
|b 1867-07-01 - 2026
|